00460 2200193 4500001002100000005001500021008004100036020002200077035001900099041000700118082001100125090001600136100002100152700001700173245001300190260000900203300002500212650002900237INLIS00000000000401420241224112830241224||||||||| | ||| |||| || |  a978-602-0832-62-3 0010-1224004014 aid0 a741..5 a741.5 NYO s0 aNyoman Sri Utami0 aDewi Yuliani00aSi Putih c2015 a16 hlm.:ilus.;15 cm. 0aIlmu Kesenian & Olahraga